|
|
|
|
| LEADER |
00637nam#a2200217#a#4500 |
| 001 |
007603 |
| 005 |
20160721144350.0 |
| 008 |
011025s1999####ag##################spa#d |
| 020 |
|
|
|a 9875031968
|
| 040 |
|
|
|a AR-beUNQ
|
| 099 |
|
|
|a 35-H17
|
| 100 |
1 |
|
|a Gatti, José María
|
| 245 |
0 |
2 |
|a Hola Hemingway :
|b una mirada centenaria
|c José María Gatti.
|
| 260 |
|
|
|a Buenos Aires :
|b Biblioteca Nacional,
|c 1999
|
| 300 |
|
|
|a 95 p. :
|b il.
|
| 600 |
1 |
4 |
|a HEMINGWAY, ERNEST MILLER
|d 1899-1961
|
| 650 |
|
7 |
|a BIOGRAFIAS
|2 Spines
|
| 650 |
|
7 |
|a LITERATURA (ARTE)
|2 Spines
|
| 929 |
|
|
|d 5,00E
|e 20011025
|f patrimonio
|j 30383
|
| 942 |
|
|
|c LIB
|n 0
|
| 999 |
|
|
|c 10172
|d 85559
|